00590 a2200193 450000100060000002000150000604000240002110000200004524000270006524500220009230000070011436200090012144000110013065000310014194200070017295201040017995200960028399900170037946310 a8526011235 cAnchieta - Aquarius aSandroni, Paula10aA casa dos bichoslpor10aA casa dos bichos a150 a2006 1aGlobal 4aLiteratura infanto-juvenil cBK 00104070a87.1b87.1d2023-11-21l0o028.5 SAN CASp4018/AQUr2023-11-21 15:12:46w2023-11-21yBK 00102ddc4070a57.2b57.2d2024-07-01l0pIF205r2024-07-01 14:07:40w2024-07-01yBKzAu c46310d46310